[Event "Rewal op-A 19th"]
[Site "Rewal"]
[Date "2014.08.22"]
[Round "4"]
[White "Renkowski, Piotr"]
[Black "Lewtak, Dominik"]
[Result "1-0"]
[WhiteElo "2156"]
[BlackElo "2060"]
[PlyCount "55"]
[EventDate "2014.08.19"]
[EventType "swiss"]
[EventRounds "9"]
[EventCountry "POL"]
[SourceTitle "EXT 2015"]
[Source "ChessBase"]
[SourceDate "2014.11.20"]
[SourceVersion "1"]
[SourceVersionDate "2014.11.20"]
[SourceQuality "1"]

1. e4 c5 2. Nf3 Nc6 3. c3 Nf6 4. e5 Nd5 5. d4 cxd4 6. cxd4 d6 7. Bc4 Nb6 8. Bb3 dxe5 9. Nxe5 e6 10. Be3 Bd6 11. Nf3 0-0 12. Nc3 Ne7 13. Qd3 Nbd5 14. 0-0 b6 15. Ng5 Ng6 16. Nxd5 exd5 17. h4 Be7 18. Nxh7 Kxh7 19. h5 f5 20. hxg6+ Kxg6 21. Bf4 Kf7 22. Rfe1 Bf6 23. Rac1 Kg8 24. Qb5 Bb7 25. Bc7 Qc8 26. Bxb6 Qb8 27. Bc7 Qc8 28. Bd6 1-0